000 00473nam a2200205Ia 4500
003 0100
008 130303s9999 xx 000 0 und d
020 _a60390891
040 _cARRUPELIB
050 _aHC800.W48 1988
100 _aJennifer Seymour Whitaker
245 _aHow can Africa survive?
260 _aNew York
260 _bHarper Row
260 _C1988
300 _avi
300 _b 264p. 23cm
700 _aJennifer Seymour Whitaker
942 0 0 _02
999 _c16575
_d16575